000 02252njm a2200481 c 4500
003 BLK
005 20180422121407.0
008 180410b bul||n||s|||||||| n|bulo|
010 _aCDD00001285000
040 _aBLK
041 _aBUL
_cBUL
072 7 _2bullib
_aН92
_xИстория Н
080 _aБългария през периода на общата криза на капитализма (1918-1944)
_b94(497.2)"1918/1945"
_x(092)(086.8)
_z94(497.2)"1918/1945"(092)(086.8)
080 _a
_b929 Михайлов, Иван Гаврилов (Ванче)
_x
_z929 Михайлов, Иван Гаврилов (Ванче)
100 1 _aГаджев, Иван Илиев
_eпърви автор
_9371078
139 _aГаджев, Иван Илиев
_bМ 74
245 1 0 _aИван Михайлов - отвъд легендите [видео DVD]
_cИван Илиев Гаджев.
_nТ. 2
257 _aBGR
260 София
_c2007 -
306 _bф
380 _a3
500 _aДигитално изд.
500 _aЗабележка към том: Текст и на англ. ез. - Прил. към кн. със същото загл. и сигн. 242648.
590 _aф
600 1 4 _aМихайлов, Иван Гаврилов (Ванче)
_9304905
650 4 _aМихайлов, Иван Гаврилов (Ванче)
_9304905
650 4 _aВМРО - биографии
_9279193
650 4 _aМакедонски въпрос
_9242249
653 _aВанче Михайлов
653 _aбългарска история
653 _aВМРО
653 _aмакедонски въпрос
653 _aбиографии
653 _aдокументи
653 _aБългария
659 _aН
760 1 _3на том(т. 2), на том(т. 2)
_aГаджев, Иван Илиев
_dСофия, Инст. по история на бълг. емиграция в Сев. Америка, Гутенберг, 2009
_h(2 GB)
_nТекст и на англ. ез. - Прил. към кн. със същото загл. и сигн. 242648.
_tТ. 2
852 _aЦб CD 2634
_p0
856 4 _qpdf
_u
856 4 _qpdf
_u
942 _cCDD
_n0
944 _aCR
_c07.10.2010
_kЛюдмила_Стоянова
944 _aED
_c10.11.2010
_k
999 _c218934
_d218934